00345nam a2200133Ia 4500008004100000100002300041245004300064250000600107260005500113260000900168300000800177365000700185999001900192151001s9999||||xx |||||||||||||| ||und|| ashaubhada chaukar adr.homi bhabha bal vaidnyanik spardha  a1 bThe Standerd pub  c2013 a124 b21 c999362d999359